000 00552nam a2200145Ia 4500
008 140724s9999 xx 000 0 und d
050 _aBF 637.S38
_b.L864 2009
100 _aLopez, Kim Melvin.
245 _aJob stress profile among selected student assistant of Southville International School and Colleges, 2nd Semester, 2008-2009 /
_cKim Melving Lopez.
260 _aLas PiƱas, Philippines :
_bSouthville International School and Colleges,
_cc2009.
300 _a45 p. :
_bill. ;
_c28 cm.
521 _aPsychology
942 _cTH
999 _c228906
_d228906